000 00402cam a22001337a 4500
008 180718b1962 xxu||||| |||| 00| 0 eng d
082 _aB5x42 T562
100 _aToch, Henry
245 _aBritish political and social institutions
_cby Henry Toch
260 _aLondon
_bPitman
_c1962
300 _a149p
650 _aGreat Britain --Social conditions.
650 _aGreat Britain --Politics and government
999 _c421927
_d421927